000 00469nam a2200133 a 4500
008 120416s1971 ||||||||||||||||| || u
050 _aHM 24 Abe
100 _aAbell, Peter
245 1 0 _aModel building in sociology
260 _aLondon
_bWeidenfeld and Nicolson
_c1971
300 _ax, 252p. : ill
350 _a0.00
995 _D0.00
_FCBU-MAIN LIBRARY (Kitwe)
_H1
_I0.00
_UAVAILABLE
_ZAnnex Low-Usage Collection
999 _c51365
_d51365